| 000 | 00789cad a22001935a 4500 | ||
|---|---|---|---|
| 001 | L151885 | ||
| 008 | 101216e2010 xxk 000 0 eng d | ||
| 035 | _a(Sirsi) u151885 | ||
| 041 | 0 | _aeng | |
| 110 | 2 | _aHousebuilder | |
| 245 | 0 | 0 |
_aHousing starts to grow, but construction output to decline - CPA _h[electronic resource] |
| 260 | _c2010 | ||
| 520 | _aPrivate housing starts are set to grow 5% in both 2011 and 2012, according to the Construction Products Association (CPA); taken from Construction Industry Forecasts - Winter 2010. | ||
| 590 | _aKA NTK | ||
| 651 | 4 |
_aUnited Kingdom _y |
|
| 690 | _aBUILT ENVIRONMENT-CONSTRUCTION MARKET | ||
| 856 | 4 | 8 |
_uhttps://www.house-builder.co.uk/rss/news.php?id=5335 _zView the website free of charge at www.house-builder.co.uk |
| 942 | _n0 | ||
| 999 |
_c82862 _d82862 |
||